Полное собрание сочинений в тридцати томах (Запис № 368106)

МАРК-запис
000 -Лідер
fixed length control field 00722nam a22002297a 4500
001 - Контрольний номер
control field 81795
003 - Ідентифікатор контрольного номера
control field UA-OsUOA
005 - Дата та час останнього входження (трансакції)
control field 20201022095705.0
007 - Фіксоване поле фізичного опису
fixed length control field ta
008 - Елементи даних фіксованої довжини – загальна інформація
fixed length control field 20120208b un ||||| |||| 00| 0 ukr d
040 ## - Джерело каталогізації
Агенція оригінальної каталогізації UA-OsUOA
Мова каталогізації rus
Агенція, яка здійснювала перезапис UA-OsUOA
Агенція, яка здійснювала модифікацію UA-OsUOA
041 ## - Код мови
Код мови тексту/ звукової доріжки чи окремого заголовка (П) rus
080 ## - Індекс Універсальної десяткової класифікації
Індекс Універсальної десяткової класифікації (УДК) (НП) 821.161.1
090 ## - Локальний шифр розміщення
Класифікаційний індекс УДК 821.161.1
Авторський знак (НП) Д70
100 ## - Основне введення – ім’я особи
Ім’я особи (НП) Достоевский Ф. М.
245 ## - Відомості про назву
Назва (НП) Полное собрание сочинений в тридцати томах
Решта назви (НП) художественные произведения
Номер частини/ розділу роботи (П) 11
260 ## - Публікація, розповсюдження і т.п. (Вихідні дані)
Місце публікації, розповсюдження і т.п. (П) Ленинград
Ім’я/ наймення видавництва, розповсюджувача і т.п. (П) Наука
Дата публікації, розповсюдження і т.п. (П) 1974
300 ## - Фізичний опис
Обсяг 413 с.
650 #7 - Додаткове предметне введення – тематичний термін
Тематичний термін чи географічна назва, як елемент введення (НП) 82 Література. Літературознавство
Джерело заголовка чи терміна UDC
942 ## - Додаткові елементи входу (Коха)
Тип елемента Koha Книги
Source of classification or shelving scheme Universal Decimal Classification
955 ## - Код типу видання за змістом
Код типу видання за змістом (НП) Літературно-художні видання
Фонди
Стан вилучень Стан втрат Джерело класифікації або схеми стелажів Стан уражень Не для кредиту Постійне місце розташування Поточне розміщення Дата придбання Інвентарний номер Усього замовленно Повний номер виклику Штрих-код Дата останнього перегляду Ціна ефективна від Тип елемента Koha Код колекції Джерело придбання Вартість, звичайна ціна покупки
    Universal Decimal Classification     АБ - Абонемент НБ АБ - Абонемент НБ 18/02/2013 13094   821.161.1 Д70 13094 14/04/2022 08/02/2012 Книги      
    Universal Decimal Classification     АБ - Абонемент НБ АБ - Абонемент НБ 08/02/2012 137005   821.161.1 Д70 137005 06/02/2022 08/02/2012 Книги Колекція Жулинського М.Г. 5/2012 8.00
    Universal Decimal Classification     АБ - Абонемент НБ АБ - Абонемент НБ 18/02/2013 76465   821.161.1 Д70 76465 14/04/2022 08/02/2012 Книги